Влияние спирт-бензольных смол на эффективность действия депрессорной присадки; ХХV Всероссийская конференция молодых учёных-химиков (с международным участием)

Podrobná bibliografie
Parent link:ХХV Всероссийская конференция молодых учёных-химиков (с международным участием).— 2022.— [С. 331]
Hlavní autor: Орлова А. М. Алина Маратовна
Korporativní autor: Национальный исследовательский Томский политехнический университет Инженерная школа природных ресурсов Отделение химической инженерии
Další autoři: Киргина М. В. Мария Владимировна
Shrnutí:Заглавие с экрана
Jazyk:ruština
Vydáno: 2022
Témata:
On-line přístup:http://www.youngchem-conf.unn.ru/wp-content/uploads/2022/04/сборник2022ISBN.pdf#page=331
Médium: Elektronický zdroj Kapitola
KOHA link:https://koha.lib.tpu.ru/cgi-bin/koha/opac-detail.pl?biblionumber=667986

MARC

LEADER 00000naa0a2200000 4500
001 667986
005 20250530163434.0
035 |a (RuTPU)RU\TPU\network\39197 
035 |a RU\TPU\network\39195 
090 |a 667986 
100 |a 20220523d2022 k||y0rusy50 ca 
101 0 |a rus 
102 |a RU 
135 |a drcn ---uucaa 
181 0 |a i  
182 0 |a b 
200 1 |a Влияние спирт-бензольных смол на эффективность действия депрессорной присадки  |f А. М. Орлова, М. В. Киргина 
203 |a Текст  |c электронный 
300 |a Заглавие с экрана 
320 |a [Библиогр.: 2 назв.] 
463 |t ХХV Всероссийская конференция молодых учёных-химиков (с международным участием)  |o тезисы докладов, 19-21 апреля 2022, Нижний Новгород  |f Нижегородский государственный университет им. Н. И. Лобачевского (ННГУ)  |v [С. 331]  |d 2022 
610 1 |a электронный ресурс 
610 1 |a труды учёных ТПУ 
610 1 |a спирто-бензольные смолы 
610 1 |a депрессорные присадки 
700 1 |a Орлова  |b А. М.  |g Алина Маратовна 
701 1 |a Киргина  |b М. В.  |c химик-технолог  |c доцент Томского политехнического университета, кандидат технических наук  |f 1988-  |g Мария Владимировна  |3 (RuTPU)RU\TPU\pers\29053  |9 13753 
712 0 2 |a Национальный исследовательский Томский политехнический университет  |b Инженерная школа природных ресурсов  |b Отделение химической инженерии  |3 (RuTPU)RU\TPU\col\23513 
801 2 |a RU  |b 63413507  |c 20220523  |g RCR 
850 |a 63413507 
856 4 |u http://www.youngchem-conf.unn.ru/wp-content/uploads/2022/04/сборник2022ISBN.pdf#page=331  |z http://www.youngchem-conf.unn.ru/wp-content/uploads/2022/04/сборник2022ISBN.pdf#page=331 
942 |c CF